| 000 | 01045cam a2200253 a 4500 | ||
|---|---|---|---|
| 999 |
_c7312 _d7312 |
||
| 001 | 727940 | ||
| 003 | OSt | ||
| 005 | 20211001125549.0 | ||
| 008 | 980818s1999 nyuab b 001 0 eng | ||
| 010 | _a 98042598 | ||
| 020 | _a0387985468 (hardcover : alk. paper) | ||
| 040 |
_aDLC _cDDC _dDLC |
||
| 050 | 0 | 0 |
_aTN870.5 _b.G66 1999 |
| 082 | 0 | 0 | _a576.83GOLD 1999 |
| 100 | 1 |
_aGold,Thomas.; _914995 |
|
| 245 | 1 | 4 |
_aThe deep hot biosphere. _cEdited by Gold,Thomas and foreword by Dyson,Freeman; |
| 260 |
_aNew York : _bCopernicus, _cc1999. |
||
| 300 |
_axiv,235p; _bill,maps; _c25cm. |
||
| 504 | _aIncludes; bibliographical references (p. 209-225) and index. | ||
| 650 | 0 |
_aBiology _95602 |
|
| 906 |
_a7 _bcbc _corignew _d1 _eocip _f19 _gy-gencatlg |
||
| 942 |
_2ddc _cO_SHELF |
||